|
|
|
|
| LEADER |
00967nam a2200301 a 4500 |
| 001 |
000582296 |
| 003 |
CZ BrMZK |
| 005 |
20080507154140.0 |
| 007 |
ta |
| 008 |
020103s2000 xr g p cze d |
| 015 |
|
|
|a cnb000884979
|
| 020 |
|
|
|a 80-86118-62-2
|
| 035 |
|
|
|a (OCoLC)847726980
|
| 040 |
|
|
|a BOA001
|c ze
|d BOA001
|
| 072 |
|
7 |
|a 821.162.3-1
|x Česká poezie
|2 Konspekt
|9 25
|
| 080 |
|
|
|a 821.162.3-1
|2 MRF
|
| 080 |
|
|
|a (0:82-1)
|2 MRF
|
| 100 |
1 |
|
|a Mlejnek, Josef,
|d 1946-
|7 jn19990009935
|4 aut
|
| 245 |
1 |
0 |
|a Pastvina :
|b (básně ze sedmdesátých a osmdesátých let) /
|c Josef Mlejnek
|
| 250 |
|
|
|a 1. knižní vyd.
|
| 260 |
|
|
|a Brno :
|b Vetus Via,
|c 2000
|
| 300 |
|
|
|a 73 s. ;
|c 16 cm
|
| 490 |
1 |
|
|a Želetavka ;
|v sv. 18
|
| 655 |
|
7 |
|a česká poezie
|7 fd133958
|2 czenas
|
| 830 |
|
0 |
|a Želetavka (Vetus Via)
|0 s
|
| 910 |
|
|
|a BOA001
|b 1-1096.511
|
| 990 |
|
|
|a BK
|
| 996 |
6 |
|
|b 2610150838
|c 1-1096.511
|l MZK
|r Sklad / do 1 hodiny
|n 2
|p p.v.
|w 000582296
|u 000010
|a 1
|e BOA001
|j MZK50
|s P
|